000 02127cam a2200289 4500500
005 20251228051606.0
041 _afre
042 _adc
100 1 0 _aSegers-Laurent, Annig
_eauthor
245 0 0 _aDe la cruauté de la vie à la cruauté du lien
260 _c2004.
500 _a46
520 _aRésuméCertaines familles ne peuvent faire face ni élaborer des événements traumatiques faisant irruption dans leur vie. L'hypothèse de l'auteur est que ces familles, qu'on pourrait qualifier de non résilientes, auraient subi antérieurement d'autres traumatismes restés non élaborés et que le nouveau traumatisme agirait à la manière d'un souvenir écran pour l'ensemble de la famille. Dès lors, il serait chargé d'une fonction de mythe réparateur du passé non élaboré. Mais devenant mythe, il resterait lui-même intouchable et inélaborable et serait alors transposé dans des liens familiaux cruels où se rejouerait la cruauté de la vie. Une situation clinique illustre ce propos.
520 _aCertain families cannot face nor work out traumatic events irrupting in their life. The hypothesis of the autor is that these families, which could be qualifyed as nonresilient, would have undergone other traumatisms remained before nonelaborated and that the new traumatism would act as a remembering screen for the ensemble of the family. Consequently, it would be charged as function with repairing myth with last nonelaborate. But becoming myth, it would remain itself untouchable and inelaborable and would be then transposed in cruel family bonds or replay the cruelty of life. A clinical situation illustrates this propos.
690 _aé
690 _aésilience
690 _amythe
690 _arituel
690 _aTraumatisme
690 _acruelty
690 _aimpact strength (resilence)
690 _amyth
690 _aritual
690 _aTraumatism
786 0 _nCahiers de psychologie clinique | 22 | 1 | 2004-04-01 | p. 159-169 | 1370-074X
856 4 1 _uhttps://shs.cairn.info/revue-cahiers-de-psychologie-clinique-2004-1-page-159?lang=fr&redirect-ssocas=7080
999 _c1581849
_d1581849